000
00269nam a2200109Ia 4500
008
220120s9999||||xx |||||||||||||| ||und||
082
_a
005.1 BAL
100
_a
Tanenbaum, Andrew
_9
11445
245
0
_a
Computer networks
300
_b
0
650
_a
ARTIFICIAL INTELLIGENCE
999
_c
136704
_d
136704